000 00420nam a2200157 i 4500
001 78917
003 ES-MaACL
005 20230906173843.0
007 t|
008 041018s1906 gw ||||1| ger d
100 1 _aHeiderich, Franz.
_962343
245 1 0 _aLèanderkunde von Europa /
_cvon Franz Heiderich.
260 _aLeipzig :
_bJ. Göschen'schen,
_c1906.
300 _a175 p. ;
_c15 cm.
852 _aES-MaACL
_jF-2181
999 _c78917
_d78917